000 00532nam a22002057a 4500
999 _c11120
_d11120
003 OSt
008 220409b ||||| |||| 00| 0 eng d
020 _a9789380896182
082 _a510 JAS
100 _aJAIN, M.L & Others
245 _aSequences and Series B.A , BSc - 11, IV
250 _a20th
_b2022
260 _aNew Delhi
_bJeevansons Publications
_c2022
300 _a7.34
650 _aBA/ BSc
700 _aGANOTRA, Sarita,
700 _aKUMAR, Sunil.
700 _aPILANIA, Dr. Raj Kamal.
942 _2ddc
_cBK
_07